| 000 | 00586nam a2200193 a 4500 | ||
|---|---|---|---|
| 005 | 20240912091329.0 | ||
| 008 | 991125s1994 mx 000 0 spa u | ||
| 020 | _a968617768X | ||
| 035 | _aUPN01000004856 | ||
| 049 | _aCG | ||
| 050 | 4 |
_aQB36 B6 _bS3.2 |
|
| 100 | 1 | _aSchmidt, Alejandro | |
| 245 | 1 | 3 |
_aEl astrónomo que perdió la nariz : _bTycho Brahe / _cAlejandro Schmidt. |
| 260 |
_aMéxico : _bCNCA, Dirección General de Publicaciones : _bPANGEA, _c1994. |
||
| 300 | _a103 p. | ||
| 440 | 0 | _aViajeros del conocimiento | |
| 600 | 1 | 4 |
_aBrahe, Tycho, _d1546-1601 _99380 |
| 905 | _aLibro | ||
| 999 |
_c4856 _d4856 |
||